000 00591nam a22002177a 4500
005 20170124110214.0
010 _aB-133448
020 _c00.00
_a75470086380
035 _aB-133448
037 _bCen Lib/Ret
040 _aDPL
_bEN
082 _a020.105
_bPOP
245 _aPopular machanics jan to dec 2003 /
_cby Popular
260 _aIndia
_bCentral News Agency
_c2003
270 _aIndia
_bIndia
300 _aVarious Pages :
_c26cm(Hb)
_bill.
650 _aMechanics
_919941
650 _aUnitedState
_938823
700 _938763
942 _2ddc
_cEN
_h020.105
_mPOP
999 _c133753
_d133753